[Event "Cto. España CECLUB 1ª División B"]
[Site "Barberá del Vallés (ESP)"]
[Date "2009.08.11"]
[Round "1.1"]
[White "Almagro Llanas, Pablo"]
[Black "Marin, Mihail"]
[Result "1/2-1/2"]
[WhiteElo "2481"]
[BlackElo "2583"]
[PlyCount "90"]
[EventDate "2009.08.11"]
[EventType "team"]
[EventRounds "3"]
[EventCountry "ESP"]
[Source "Arranz, Pablo"]
[SourceDate "2009.08.11"]
[WhiteTeam "Afronta Consultoría V. Atocha"]
[BlackTeam "Foment Martinenc"]
[WhiteTeamCountry "ESP"]
[BlackTeamCountry "ESP"]

1. e4 Nf6 2. e5 Nd5 3. d4 d6 4. c4 Nb6 5. exd6 cxd6 6. Nc3 g6 7. Be3 Bg7 8. Rc1
O-O 9. b3 Re8 10. Nf3 Bg4 11. Be2 d5 12. h3 Bxf3 13. Bxf3 e6 14. O-O Nc6 15.
cxd5 exd5 16. Qd3 a6 17. Na4 Nxa4 18. bxa4 Ne7 19. Qb3 b6 20. Bg5 Ra7 21. Rfe1
h6 22. Bxd5 hxg5 23. Bxf7+ Kh7 24. Bxe8 Qxe8 25. Qxb6 Qd7 26. Red1 Nd5 27. Qc6
Qf7 28. Rc5 Nf4 29. Rxg5 Bxd4 30. Kh1 Rc7 31. Qf3 Rc3 32. Qe4 Bxf2 33. Rf1 Re3
34. Qc6 Re1 35. Rxe1 Bxe1 36. Qxa6 Qe7 37. Rb5 Kh6 38. Rb1 Qe3 39. Qc8 Bc3 40.
Qg4 Nh5 41. Qf3 Qe5 42. Qf8+ Kh7 43. Qf7+ Kh6 44. Qf8+ Kh7 45. Qf7+ Kh6 1/2-1/2

[Event "Cto. España CECLUB 1ª División B"]
[Site "Barberá del Vallés (ESP)"]
[Date "2009.08.11"]
[Round "1.1"]
[White "Llaneza Vega, Marcos"]
[Black "Rubio Mejia, Luis Igancio"]
[Result "1-0"]
[WhiteElo "2521"]
[BlackElo "2371"]
[PlyCount "103"]
[EventDate "2009.08.11"]
[EventType "team"]
[EventRounds "3"]
[EventCountry "ESP"]
[Source "Arranz, Pablo"]
[SourceDate "2009.08.11"]
[WhiteTeam "Foment Martinenc"]
[BlackTeam "Afronta Consultoría V. Atocha"]
[WhiteTeamCountry "ESP"]
[BlackTeamCountry "ESP"]

1. e4 c5 2. Nc3 d6 3. Nf3 Nf6 4. d4 cxd4 5. Nxd4 a6 6. Qf3 g6 7. h3 Bg7 8. Be3
Nc6 9. O-O-O Bd7 10. g4 Rc8 11. Qg2 Nxd4 12. Bxd4 e5 13. Be3 Rxc3 14. bxc3 Qc7
15. Kb2 O-O 16. f3 Rc8 17. c4 Be6 18. Qd2 Bf8 19. h4 b5 20. g5 Nh5 21. cxb5
axb5 22. Bh3 Nf4 23. Bxe6 fxe6 24. Rh2 Qc4 25. c3 Ra8 26. Kb1 b4 27. cxb4 Rb8
28. Qc1 Rxb4+ 29. Rb2 Rxb2+ 30. Qxb2 Ne2 31. Ka1 Nd4 32. Rc1 Qa6 33. Qb8 Qd3
34. Bxd4 Qxd4+ 35. Qb2 Qe3 36. Qc3 Qf2 37. a4 Be7 38. a5 Qa7 39. Qb4 Qe3 40.
Rc8+ Kf7 41. a6 Qd3 42. Qa4 Qf1+ 43. Ka2 Qf2+ 44. Qc2 Qb6 45. Qc6 Qf2+ 46. Kb3
Qe3+ 47. Ka4 Qd4+ 48. Kb5 Qb2+ 49. Ka5 Qa3+ 50. Kb6 Qb4+ 51. Ka7 Qd4+ 52. Ka8
1-0

[Event "Cto. España CECLUB 1ª División B"]
[Site "Barberá del Vallés (ESP)"]
[Date "2009.08.11"]
[Round "1.1"]
[White "Rabadan, Velasco Raul"]
[Black "Granados Gomez, Manuel"]
[Result "1-0"]
[WhiteElo "2328"]
[BlackElo "2407"]
[PlyCount "89"]
[EventDate "2009.08.11"]
[EventType "team"]
[EventRounds "3"]
[EventCountry "ESP"]
[Source "Arranz, Pablo"]
[SourceDate "2009.08.11"]
[WhiteTeam "Afronta Consultoría V. Atocha"]
[BlackTeam "Foment Martinenc"]
[WhiteTeamCountry "ESP"]
[BlackTeamCountry "ESP"]

1. e4 e5 2. Nf3 Nc6 3. Bb5 Bc5 4. c3 Nf6 5. d3 d6 6. Nbd2 Bd7 7. b4 Bb6 8. Nc4
O-O 9. Bg5 h6 10. Bh4 Ne7 11. Nxb6 axb6 12. Bc4 Ng6 13. Bg3 Be6 14. Bxe6 fxe6
15. O-O Ra3 16. Qc2 Qd7 17. d4 Qc6 18. c4 Qxe4 19. Qb2 Rfa8 20. Rfe1 Qd3 21.
Re3 e4 22. Rxd3 exd3 23. Nd2 b5 24. Nb1 R3a7 25. cxb5 Nd5 26. a3 Nge7 27. Nc3
Nb6 28. Qb3 d5 29. Bxc7 Nc4 30. a4 b6 31. Bf4 Nf5 32. Be3 Nfxe3 33. fxe3 Nxe3
34. Nd1 Nf5 35. Nb2 Nxd4 36. Qxd3 Nf5 37. Rc1 Rf7 38. Rf1 Raf8 39. a5 Nd6 40.
Rxf7 Rxf7 41. a6 Rc7 42. h3 Ne4 43. Na4 Rc1+ 44. Kh2 Nf2 45. Qe3 1-0

[Event "Cto. España CECLUB 1ª División B"]
[Site "Barberá del Vallés (ESP)"]
[Date "2009.08.11"]
[Round "1.1"]
[White "Jerez Perez, Alfonso"]
[Black "Anton Guijarro, David"]
[Result "1/2-1/2"]
[WhiteElo "2388"]
[BlackElo "2265"]
[PlyCount "55"]
[EventDate "2009.08.11"]
[EventType "team"]
[EventRounds "3"]
[EventCountry "ESP"]
[Source "Arranz, Pablo"]
[SourceDate "2009.08.11"]
[WhiteTeam "Foment Martinenc"]
[BlackTeam "Afronta Consultoría V. Atocha"]
[WhiteTeamCountry "ESP"]
[BlackTeamCountry "ESP"]

1. e4 e6 2. d4 d5 3. Nc3 Nf6 4. e5 Nfd7 5. f4 c5 6. Nf3 Nc6 7. Be3 Be7 8. Qd2
O-O 9. Be2 b6 10. O-O f5 11. Nd1 cxd4 12. Nxd4 Nxd4 13. Bxd4 Nc5 14. Nf2 a5 15.
Rad1 Ba6 16. Bxa6 Nxa6 17. Qe2 Qc7 18. Rc1 Nc5 19. c4 Rad8 20. Rfd1 Qb7 21. Be3
Qa6 22. Kf1 dxc4 23. Rxd8 Rxd8 24. Qxc4 Qxc4+ 25. Rxc4 Kf7 26. Ke2 Rd7 27. a3
h6 28. b4 1/2-1/2

[Event "Cto. España CECLUB 1ª División B"]
[Site "Barberá del Vallés (ESP)"]
[Date "2009.08.11"]
[Round "1.2"]
[White "Pena Gomez, Manuel"]
[Black "Postny, Evgeny"]
[Result "0-1"]
[WhiteElo "2467"]
[BlackElo "2647"]
[PlyCount "102"]
[EventDate "2009.08.11"]
[EventType "team"]
[EventRounds "3"]
[EventCountry "ESP"]
[Source "Arranz, Pablo"]
[SourceDate "2009.08.11"]
[WhiteTeam "Universidad de Vigo"]
[BlackTeam "Club Escacs Barbera"]
[WhiteTeamCountry "ESP"]
[BlackTeamCountry "ESP"]

1. c4 Nf6 2. Nf3 e6 3. g3 d5 4. Bg2 dxc4 5. O-O Be7 6. Qc2 c5 7. Na3 Nc6 8.
Nxc4 O-O 9. Nce5 Bd7 10. d3 Rc8 11. Bg5 h6 12. Bxf6 Bxf6 13. Nxd7 Qxd7 14. Qxc5
Nd4 15. Qxa7 Ra8 16. Qb6 Ra6 17. Qb4 Nc2 18. Qd2 Nxa1 19. Rxa1 Rfa8 20. a3 Rb6
21. d4 Qb5 22. b4 Qa4 23. e4 Rxb4 24. e5 Bg5 25. Qe2 Qb5 26. Qd1 Rb2 27. Nxg5
hxg5 28. Be4 Qe2 29. Qxe2 Rxe2 30. Bxb7 Ra4 31. Rd1 Rxa3 32. d5 exd5 33. Rxd5
Raa2 34. Rd8+ Kh7 35. Rd7 Rxf2 36. Bd5 Rfd2 37. Bxa2 Rxd7 38. Bc4 Re7 39. Kg2
Kg8 40. e6 fxe6 41. Kf3 Kf7 42. h3 Kf6 43. Bd3 Ra7 44. Bb5 Ra5 45. Bc6 Rc5 46.
Bd7 Kf5 47. Be8 Rc3+ 48. Kf2 e5 49. Bd7+ Ke4 50. Ba4 Rf3+ 51. Kg2 Rf6 0-1

[Event "Cto. España CECLUB 1ª División B"]
[Site "Barberá del Vallés (ESP)"]
[Date "2009.08.11"]
[Round "1.2"]
[White "Lemos, Damian"]
[Black "Paramos Dominguez, Roberto"]
[Result "1-0"]
[WhiteElo "2547"]
[BlackElo "2436"]
[PlyCount "117"]
[EventDate "2009.08.11"]
[EventType "team"]
[EventRounds "3"]
[EventCountry "ESP"]
[Source "Arranz, Pablo"]
[SourceDate "2009.08.11"]
[WhiteTeam "Club Escacs Barbera"]
[BlackTeam "Universidad de Vigo"]
[WhiteTeamCountry "ESP"]
[BlackTeamCountry "ESP"]

1. d4 Nf6 2. c4 g6 3. Nc3 Bg7 4. e4 d6 5. Be2 O-O 6. Be3 e5 7. Nf3 Ng4 8. Bg5
f6 9. Bh4 g5 10. Bg3 Nh6 11. d5 f5 12. exf5 Nxf5 13. Nd2 Nd4 14. Bd3 Na6 15.
Nde4 Bf5 16. h3 c6 17. O-O h6 18. a3 Nc7 19. Rc1 Qd7 20. Ne2 Nxe2+ 21. Qxe2
cxd5 22. cxd5 Kh8 23. Rfd1 Qe7 24. Nc3 Bxd3 25. Qxd3 Rac8 26. Qe3 b6 27. Qe2
Qf7 28. Ne4 Rcd8 29. Qd3 Ne8 30. Rc6 Qe7 31. Rdc1 Nf6 32. Nxf6 Rxf6 33. Rc7 Rd7
34. Rc8+ Rf8 35. R8c4 Qf7 36. Qe4 Qf5 37. f3 h5 38. Rc7 Qxe4 39. fxe4 Rff7 40.
Rc8+ Kh7 41. Rf1 Bh6 42. Rc6 Rxf1+ 43. Kxf1 g4 44. hxg4 hxg4 45. Ke2 Kg8 46.
Bxe5 Re7 47. Rxd6 Rxe5 48. Rxh6 Rxe4+ 49. Kd3 Rf4 50. d6 Kf7 51. Ke3 Ra4 52.
Rh7+ Ke8 53. Re7+ Kd8 54. Re4 Ra5 55. Rxg4 Kd7 56. Rd4 Rb5 57. b4 Re5+ 58. Kf4
Re2 59. g4 1-0

[Event "Cto. España CECLUB 1ª División B"]
[Site "Barberá del Vallés (ESP)"]
[Date "2009.08.11"]
[Round "1.2"]
[White "Garcia Castro, Pablo"]
[Black "Asis Gargatagli, Hipolit"]
[Result "1/2-1/2"]
[WhiteElo "2390"]
[BlackElo "2439"]
[PlyCount "63"]
[EventDate "2009.08.11"]
[EventType "team"]
[EventRounds "3"]
[EventCountry "ESP"]
[Source "Arranz, Pablo"]
[SourceDate "2009.08.11"]
[WhiteTeam "Universidad de Vigo"]
[BlackTeam "Club Escacs Barbera"]
[WhiteTeamCountry "ESP"]
[BlackTeamCountry "ESP"]

1. e4 c6 2. d3 d5 3. Nd2 g6 4. Ngf3 Bg7 5. g3 e5 6. Bg2 Ne7 7. b3 O-O 8. Bb2 f6
9. O-O c5 10. exd5 Nxd5 11. c3 Nc6 12. d4 exd4 13. cxd4 cxd4 14. Nxd4 Nxd4 15.
Bxd4 Be6 16. Ne4 b6 17. Qd2 Qe7 18. Rfe1 Rad8 19. Rad1 h6 20. Qb2 Rfe8 21. Nc3
Qf7 22. Bf1 Kh7 23. Bb5 Re7 24. Nxd5 Bxd5 25. Be3 Rc8 26. Qa3 Bf3 27. Rc1 Rxc1
28. Rxc1 Bf8 29. Qa4 Bg7 30. Bc6 Bd5 31. Bxd5 Qxd5 32. Qc6 1/2-1/2

[Event "Cto. España CECLUB 1ª División B"]
[Site "Barberá del Vallés (ESP)"]
[Date "2009.08.11"]
[Round "1.2"]
[White "Alonso Moyano, Jonathan"]
[Black "Carrera Perez, Francisco"]
[Result "1/2-1/2"]
[WhiteElo "2365"]
[BlackElo "2265"]
[PlyCount "75"]
[EventDate "2009.08.11"]
[EventType "team"]
[EventRounds "3"]
[EventCountry "ESP"]
[Source "Arranz, Pablo"]
[SourceDate "2009.08.11"]
[WhiteTeam "Club Escacs Barbera"]
[BlackTeam "Universidad de Vigo"]
[WhiteTeamCountry "ESP"]
[BlackTeamCountry "ESP"]

1. e4 e6 2. d4 d5 3. Nd2 Nf6 4. e5 Nfd7 5. f4 c5 6. c3 Nc6 7. Ndf3 Qb6 8. g3
Be7 9. Bh3 O-O 10. Ne2 f6 11. Bxe6+ Kh8 12. Bxd5 cxd4 13. cxd4 fxe5 14. fxe5
Ndxe5 15. Nxe5 Nxe5 16. Bf4 Bb4+ 17. Nc3 Ng6 18. O-O Bh3 19. Rf2 Rad8 20. Be4
Rxd4 21. Qh5 Rd2 22. Nd1 Bc5 23. Bxd2 Bxf2+ 24. Kh1 Be1 25. Qxh3 Bxd2 26. Qg2
Qd4 27. Bxg6 hxg6 28. Nc3 Bxc3 29. Qh3+ Kg8 30. Qe6+ Kh7 31. Qh3+ Kg8 32. Qe6+
Kh7 33. bxc3 Qxc3 34. Qh3+ Kg8 35. Qe6+ Kh7 36. Qh3+ Kg8 37. Qe6+ Kh7 38. Qh3+
1/2-1/2

[Event "Cto. España CECLUB 1ª División B"]
[Site "Barberá del Vallés (ESP)"]
[Date "2009.08.12"]
[Round "2.1"]
[White "Marin, Mihail"]
[Black "Postny, Evgeny"]
[Result "1/2-1/2"]
[WhiteElo "2583"]
[BlackElo "2647"]
[PlyCount "33"]
[EventDate "2009.08.11"]
[EventType "team"]
[EventRounds "3"]
[EventCountry "ESP"]
[Source "Arranz, Pablo"]
[SourceDate "2009.08.11"]
[WhiteTeam "Foment Martinenc"]
[BlackTeam "Club Escacs Barbera"]
[WhiteTeamCountry "ESP"]
[BlackTeamCountry "ESP"]

1. Nf3 Nf6 2. g3 d5 3. Bg2 c6 4. c4 dxc4 5. O-O Be6 6. Ng5 Bd5 7. e4 h6 8. exd5
hxg5 9. dxc6 Nxc6 10. Na3 Qd3 11. Qa4 O-O-O 12. Bxc6 bxc6 13. Qxc6+ Kb8 14.
Qb5+ Ka8 15. Qc6+ Kb8 16. Qb5+ Ka8 17. Qc6+ 1/2-1/2

[Event "Cto. España CECLUB 1ª División B"]
[Site "Barberá del Vallés (ESP)"]
[Date "2009.08.12"]
[Round "2.1"]
[White "Lemos, Damian"]
[Black "Llaneza Vega, Marcos"]
[Result "1/2-1/2"]
[WhiteElo "2547"]
[BlackElo "2521"]
[PlyCount "54"]
[EventDate "2009.08.11"]
[EventType "team"]
[EventRounds "3"]
[EventCountry "ESP"]
[Source "Arranz, Pablo"]
[SourceDate "2009.08.11"]
[WhiteTeam "Club Escacs Barbera"]
[BlackTeam "Foment Martinenc"]
[WhiteTeamCountry "ESP"]
[BlackTeamCountry "ESP"]

1. d4 Nf6 2. c4 e6 3. Nc3 Bb4 4. Qc2 d5 5. cxd5 Qxd5 6. Nf3 Qf5 7. Qb3 c5 8. a3
Bxc3+ 9. Qxc3 Nbd7 10. g4 Qe4 11. dxc5 O-O 12. Be3 Nd5 13. Qd4 Qc2 14. Bd2 Qxc5
15. Rc1 Qxd4 16. Nxd4 N7f6 17. g5 Ne4 18. Bg2 Nxd2 19. Bxd5 Rd8 20. Rc5 Nb1 21.
Be4 Rxd4 22. Bxb1 Bd7 23. f3 Bc6 24. Kf2 Rd2 25. b4 Rad8 26. Rhc1 a6 27. Ke3 g6
1/2-1/2

[Event "Cto. España CECLUB 1ª División B"]
[Site "Barberá del Vallés (ESP)"]
[Date "2009.08.12"]
[Round "2.1"]
[White "Granados Gomez, Manuel"]
[Black "Asis Gargatagli, Hipolit"]
[Result "1/2-1/2"]
[WhiteElo "2407"]
[BlackElo "2439"]
[PlyCount "24"]
[EventDate "2009.08.11"]
[EventType "team"]
[EventRounds "3"]
[EventCountry "ESP"]
[Source "Arranz, Pablo"]
[SourceDate "2009.08.11"]
[WhiteTeam "Foment Martinenc"]
[BlackTeam "Club Escacs Barbera"]
[WhiteTeamCountry "ESP"]
[BlackTeamCountry "ESP"]

1. c4 c6 2. Nf3 d5 3. e3 Nf6 4. b3 Bg4 5. Bb2 e6 6. Be2 Nbd7 7. O-O Bd6 8. d4
O-O 9. Nbd2 Qe7 10. Ne5 Bxe2 11. Qxe2 Ba3 12. Ndf3 Nxe5 1/2-1/2

[Event "Cto. España CECLUB 1ª División B"]
[Site "Barberá del Vallés (ESP)"]
[Date "2009.08.12"]
[Round "2.1"]
[White "Alonso Moyano, Jonathan"]
[Black "Jerez Perez, Alfonso"]
[Result "1-0"]
[WhiteElo "2365"]
[BlackElo "2388"]
[PlyCount "70"]
[EventDate "2009.08.11"]
[EventType "team"]
[EventRounds "3"]
[EventCountry "ESP"]
[Source "Arranz, Pablo"]
[SourceDate "2009.08.11"]
[WhiteTeam "Club Escacs Barbera"]
[BlackTeam "Foment Martinenc"]
[WhiteTeamCountry "ESP"]
[BlackTeamCountry "ESP"]

1. e4 c5 2. Nc3 Nc6 3. Bb5 Nd4 4. Bc4 a6 5. d3 g6 6. Nge2 Bg7 7. Nxd4 cxd4 8.
Qf3 e6 9. Ne2 Ne7 10. h4 d5 11. Bb3 dxe4 12. dxe4 Bd7 13. Bg5 Qa5+ 14. c3 dxc3
15. bxc3 Bc6 16. O-O Qe5 17. Bc2 f5 18. Nd4 Bxe4 19. Bxe4 fxe4 20. Qg4 Nf5 21.
Rae1 Nxd4 22. cxd4 Qf5 23. Qxe4 O-O 24. Qxb7 Bxd4 25. Re2 Bg7 26. Rd1 Qb5 27.
Rd7 Qxb7 28. Rxb7 e5 29. Reb2 Rf7 30. Rxf7 Kxf7 31. Rb7+ Kg8 32. a4 Bf8 33. Bf6
Re8 34. Rb6 e4 35. Bd4 Rd8 1-0

[Event "Cto. España CECLUB 1ª División B"]
[Site "Barberá del Vallés (ESP)"]
[Date "2009.08.12"]
[Round "2.2"]
[White "Almagro Llanas, Pablo"]
[Black "Pena Gomez, Manuel"]
[Result "1-0"]
[WhiteElo "2481"]
[BlackElo "2467"]
[PlyCount "89"]
[EventDate "2009.08.11"]
[EventType "team"]
[EventRounds "3"]
[EventCountry "ESP"]
[Source "Arranz, Pablo"]
[SourceDate "2009.08.11"]
[WhiteTeam "Afronta Consultoría V. Atocha"]
[BlackTeam "Universidad de Vigo"]
[WhiteTeamCountry "ESP"]
[BlackTeamCountry "ESP"]

1. e4 c5 2. Nf3 d6 3. d4 cxd4 4. Nxd4 Nf6 5. Nc3 a6 6. Bc4 e6 7. Bb3 Be7 8. g4
d5 9. exd5 Nxd5 10. Nxd5 exd5 11. Nf5 Bxf5 12. gxf5 d4 13. Qh5 O-O 14. Rg1 Bf6
15. Rg3 Qe7+ 16. Kf1 Qe4 17. Bh6 Nd7 18. Re1 Qh1+ 19. Rg1 Qc6 20. Qg4 Qb5+ 21.
c4 dxc3+ 22. Bc4 Ne5 23. Qxg7+ Bxg7 24. Rxg7+ Kh8 25. Bxb5 cxb2 26. Be2 Rac8
27. Rg3 Rg8 28. Rb1 Rxg3 29. hxg3 Rc2 30. Bd1 Rc6 31. Be3 Nc4 32. Ke2 Nxe3 33.
fxe3 Rh6 34. Kf3 Rh1 35. Bc2 Rh2 36. Rxb2 b5 37. a4 b4 38. Ra2 Kg7 39. a5 Kf6
40. Bb3 Rh1 41. Ra4 Rf1+ 42. Ke2 Rxf5 43. Bc4 Rh5 44. Kd3 Rh2 45. Rxb4 1-0

[Event "Cto. España CECLUB 1ª División B"]
[Site "Barberá del Vallés (ESP)"]
[Date "2009.08.12"]
[Round "2.2"]
[White "Paramos Dominguez, Roberto"]
[Black "Rubio Mejia, Luis Igancio"]
[Result "1-0"]
[WhiteElo "2436"]
[BlackElo "2371"]
[PlyCount "79"]
[EventDate "2009.08.11"]
[EventType "team"]
[EventRounds "3"]
[EventCountry "ESP"]
[Source "Arranz, Pablo"]
[SourceDate "2009.08.11"]
[WhiteTeam "Universidad de Vigo"]
[BlackTeam "Afronta Consultoría V. Atocha"]
[WhiteTeamCountry "ESP"]
[BlackTeamCountry "ESP"]

1. e4 c5 2. Nf3 d6 3. d4 cxd4 4. Nxd4 Nf6 5. Nc3 a6 6. Bg5 e6 7. f4 Nbd7 8. Qf3
Qc7 9. O-O-O Be7 10. g4 b5 11. Bxf6 Nxf6 12. g5 Nd7 13. f5 Bxg5+ 14. Kb1 O-O
15. fxe6 Nb6 16. Nd5 Nxd5 17. exd5 fxe6 18. Qh5 e5 19. Qxg5 exd4 20. Bd3 g6 21.
Rhf1 Bh3 22. Rg1 Qf7 23. Qh6 Bf5 24. Rdf1 Qxd5 25. Rg5 Qe5 26. a3 Qg7 27. Qxg7+
Kxg7 28. Rfxf5 Rxf5 29. Bxf5 Kf6 30. Be4 Kxg5 31. Bxa8 Kg4 32. Bg2 Kf4 33. Bb7
a5 34. Ba6 b4 35. axb4 axb4 36. Ka2 Ke3 37. Kb3 Kd2 38. Bd3 Kc1 39. Kxb4 Kxb2
40. Kc4 1-0

[Event "Cto. España CECLUB 1ª División B"]
[Site "Barberá del Vallés (ESP)"]
[Date "2009.08.12"]
[Round "2.2"]
[White "Rabadan, Velasco Raul"]
[Black "Garcia Castro, Pablo"]
[Result "1-0"]
[WhiteElo "2328"]
[BlackElo "2390"]
[PlyCount "85"]
[EventDate "2009.08.11"]
[EventType "team"]
[EventRounds "3"]
[EventCountry "ESP"]
[Source "Arranz, Pablo"]
[SourceDate "2009.08.11"]
[WhiteTeam "Afronta Consultoría V. Atocha"]
[BlackTeam "Universidad de Vigo"]
[WhiteTeamCountry "ESP"]
[BlackTeamCountry "ESP"]

1. e4 e5 2. f4 d5 3. exd5 exf4 4. Nf3 Nf6 5. Bc4 Bd6 6. O-O O-O 7. d4 Nbd7 8.
Bb3 b5 9. a4 Nb6 10. axb5 Nbxd5 11. Ne5 Ne3 12. Bxe3 fxe3 13. Nc3 Bb7 14. Qe2
Qe7 15. Qxe3 a6 16. Rae1 Bb4 17. Nc6 Qxe3+ 18. Rxe3 Bd6 19. Ne7+ Kh8 20. Nf5
Bb4 21. Nxg7 Kxg7 22. Rg3+ Kh8 23. Rxf6 axb5 24. Rxf7 Rxf7 25. Bxf7 Rf8 26. Bh5
c5 27. Bf3 cxd4 28. Nxb5 Bc5 29. Rg5 Bb6 30. Kf1 Be4 31. Rg4 Bxc2 32. Nxd4 Bd3+
33. Ke1 Rb8 34. Kd2 Bg6 35. b4 Bc7 36. Nc6 Ra8 37. Ne7 Ra2+ 38. Kc3 Bf7 39. Bd5
Bxd5 40. Nxd5 Bxh2 41. Kb3 Rd2 42. Nf6 h6 43. Rg8# 1-0

[Event "Cto. España CECLUB 1ª División B"]
[Site "Barberá del Vallés (ESP)"]
[Date "2009.08.12"]
[Round "2.2"]
[White "Carrera Perez, Francisco"]
[Black "Anton Guijarro, David"]
[Result "1/2-1/2"]
[WhiteElo "2265"]
[BlackElo "2265"]
[PlyCount "68"]
[EventDate "2009.08.11"]
[EventType "team"]
[EventRounds "3"]
[EventCountry "ESP"]
[Source "Arranz, Pablo"]
[SourceDate "2009.08.11"]
[WhiteTeam "Universidad de Vigo"]
[BlackTeam "Afronta Consultoría V. Atocha"]
[WhiteTeamCountry "ESP"]
[BlackTeamCountry "ESP"]

1. b3 e5 2. Bb2 Nc6 3. e3 d6 4. Nf3 Nf6 5. d4 exd4 6. Nxd4 Be7 7. Bb5 Bd7 8.
Bxc6 bxc6 9. Qf3 d5 10. Nd2 O-O 11. Nf5 Bxf5 12. Qxf5 Qd7 13. Qxd7 Nxd7 14. c4
a5 15. Ke2 a4 16. Rhc1 Bd6 17. Nf3 axb3 18. axb3 Rxa1 19. Rxa1 Rb8 20. Nd4 f6
21. Bc3 Bc5 22. Ra6 Bxd4 23. exd4 Rxb3 24. Kd3 dxc4+ 25. Kxc4 Rb7 26. Rxc6 Nb6+
27. Kc5 Na4+ 28. Kd5 Kf7 29. Bd2 Nb6+ 30. Ke4 Ke7 31. Bf4 Kd7 32. d5 Nc8 33. h4
Ne7 34. Rc4 c6 1/2-1/2

[Event "Cto. España CECLUB 1ª División B"]
[Site "Barberá del Vallés (ESP)"]
[Date "2009.08.13"]
[Round "3.1"]
[White "Pena Gomez, Manuel"]
[Black "Marin, Mihail"]
[Result "1/2-1/2"]
[WhiteElo "2467"]
[BlackElo "2583"]
[PlyCount "69"]
[EventDate "2009.08.11"]
[EventType "team"]
[EventRounds "3"]
[EventCountry "ESP"]
[Source "Arranz, Pablo"]
[SourceDate "2009.08.11"]
[WhiteTeam "Universidad de Vigo"]
[BlackTeam "Foment Martinenc"]
[WhiteTeamCountry "ESP"]
[BlackTeamCountry "ESP"]

1. c4 Nf6 2. Nc3 c5 3. Nf3 e6 4. d4 cxd4 5. Nxd4 Nc6 6. Ndb5 Bb4 7. Bf4 O-O 8.
Bc7 Qe7 9. Bd6 Bxd6 10. Qxd6 Qd8 11. e3 Qa5 12. Bd3 a6 13. Nd4 Nxd4 14. exd4 b5
15. cxb5 axb5 16. O-O b4 17. Ne4 Ne8 18. Qe7 f5 19. Nc5 Ra7 20. Rfc1 d6 21. Nb3
Qb6 22. Rc6 Rxe7 23. Rxb6 Rb7 24. Rxb7 Bxb7 25. a4 bxa3 26. bxa3 Bd5 27. Nd2
Rf7 28. a4 Ra7 29. a5 Kf8 30. f3 Ke7 31. Kf2 Nc7 32. Nb1 Bb7 33. Nc3 Ba6 34.
Ke3 Rb7 35. Bxa6 1/2-1/2

[Event "Cto. España CECLUB 1ª División B"]
[Site "Barberá del Vallés (ESP)"]
[Date "2009.08.13"]
[Round "3.1"]
[White "Llaneza Vega, Marcos"]
[Black "Garcia Castro, Pablo"]
[Result "1-0"]
[WhiteElo "2521"]
[BlackElo "2390"]
[PlyCount "99"]
[EventDate "2009.08.11"]
[EventType "team"]
[EventRounds "3"]
[EventCountry "ESP"]
[Source "Arranz, Pablo"]
[SourceDate "2009.08.11"]
[WhiteTeam "Foment Martinenc"]
[BlackTeam "Universidad de Vigo"]
[WhiteTeamCountry "ESP"]
[BlackTeamCountry "ESP"]

1. e4 d6 2. d4 Nf6 3. Nc3 e5 4. dxe5 dxe5 5. Qxd8+ Kxd8 6. Bg5 Be6 7. O-O-O+
Nbd7 8. g3 Kc8 9. f4 h6 10. f5 hxg5 11. fxe6 fxe6 12. Bc4 Bb4 13. Bxe6 Bxc3 14.
bxc3 g4 15. Ne2 Kd8 16. Rxd7+ Nxd7 17. Rd1 Ke7 18. Bxd7 Rad8 19. Bxg4 Rxd1+ 20.
Kxd1 Rxh2 21. Kd2 Rh6 22. Bc8 Rd6+ 23. Ke3 Ra6 24. Bxb7 Rxa2 25. Kd2 a5 26. Nc1
Rb2 27. Bd5 Rb8 28. Bb3 Ra8 29. Ba4 Rh8 30. Ke3 Rh1 31. Nb3 Re1+ 32. Kf3 Kf6
33. Bc6 Kg5 34. Bb5 Rb1 35. c4 Rb2 36. Nxa5 Rxc2 37. Bc6 Rc3+ 38. Kg2 Rc2+ 39.
Kh3 Rc1 40. Bd5 Rh1+ 41. Kg2 Rd1 42. Nc6 Kf6 43. Kf3 Rf1+ 44. Kg4 Rg1 45. Nb4
Rb1 46. Na6 c6 47. Bxc6 Rb6 48. Bb5 Rd6 49. c5 Rd4 50. c6 1-0

[Event "Cto. España CECLUB 1ª División B"]
[Site "Barberá del Vallés (ESP)"]
[Date "2009.08.13"]
[Round "3.1"]
[White "Carrera Perez, Francisco"]
[Black "Granados Gomez, Manuel"]
[Result "1-0"]
[WhiteElo "2265"]
[BlackElo "2407"]
[PlyCount "57"]
[EventDate "2009.08.11"]
[EventType "team"]
[EventRounds "3"]
[EventCountry "ESP"]
[Source "Arranz, Pablo"]
[SourceDate "2009.08.11"]
[WhiteTeam "Universidad de Vigo"]
[BlackTeam "Foment Martinenc"]
[WhiteTeamCountry "ESP"]
[BlackTeamCountry "ESP"]

1. b3 e5 2. Bb2 d6 3. e3 f5 4. d4 e4 5. d5 Nf6 6. Nh3 g6 7. Nf4 Bg7 8. Nc3 c6
9. h4 O-O 10. Qd2 Qe7 11. O-O-O c5 12. h5 g5 13. h6 Bh8 14. Ne6 Bxe6 15. dxe6
Rd8 16. Nd5 Nxd5 17. Qxd5 Nc6 18. Qxf5 Rf8 19. Qxe4 Bxb2+ 20. Kxb2 Rxf2 21. Bc4
Raf8 22. Kb1 Nb4 23. Rxd6 Qxd6 24. e7+ Kh8 25. exf8=Q+ Rxf8 26. Qxb7 Qe5 27.
Rd1 Qf6 28. a3 Nc6 29. Rf1 1-0

[Event "Cto. España CECLUB 1ª División B"]
[Site "Barberá del Vallés (ESP)"]
[Date "2009.08.13"]
[Round "3.1"]
[White "Jerez Perez, Alfonso"]
[Black "Leiros Vila, Avelino"]
[Result "1-0"]
[WhiteElo "2388"]
[BlackElo "2162"]
[PlyCount "68"]
[EventDate "2009.08.11"]
[EventType "team"]
[EventRounds "3"]
[EventCountry "ESP"]
[Source "Arranz, Pablo"]
[SourceDate "2009.08.11"]
[WhiteTeam "Foment Martinenc"]
[BlackTeam "Universidad de Vigo"]
[WhiteTeamCountry "ESP"]
[BlackTeamCountry "ESP"]

1. e4 d6 2. d4 Nf6 3. Bd3 e5 4. c3 Nc6 5. Nf3 g6 6. h3 Bg7 7. O-O O-O 8. dxe5
Nxe5 9. Bc2 c6 10. Nbd2 Be6 11. Nd4 c5 12. Nxe6 fxe6 13. Nf3 Nxf3+ 14. Qxf3 Kh8
15. Bg5 Qb6 16. Rab1 Qc6 17. Qe3 d5 18. exd5 exd5 19. Rfe1 Rae8 20. Qd2 Rd8 21.
Rbd1 Rd7 22. Qe2 d4 23. cxd4 cxd4 24. Bd3 Qd5 25. Qd2 a6 26. a3 b5 27. Re2 Rdf7
28. Rde1 Nd7 29. Bh6 Nc5 30. Bxg7+ Kxg7 31. Bb1 Rd7 32. b4 Nb3 33. Qb2 Rc8 34.
Ba2 Rdc7 1-0